All breakfast items mentioned in Alan's Psychedelic Breakfast - Statistics

General Stats
  • This quiz has been taken 4 times
  • The average score is 6 of 10
Answer Stats
Answer % Correct
Bacon
100%
Toast
100%
Tomatoes
100%
Coffee
67%
Marmalade
67%
Sausages
67%
Cereal
33%
(corn)flakes
33%
Porridge
33%
Scrambled eggs
33%
No matching quizzes found
Score Distribution
Percent of People with Each Score
Percentile by Number Answered
Your Score History
You have not taken this quiz